British Railway Trivia - Statistics

General Stats
  • This quiz has been taken 33 times
  • The average score is 8 of 18
Answer Stats
Question Answer % Correct
What member of the Big Four's London terminus was Paddington? Great Western Railway
85%
What year saw the official end of steam locomotives in revenue-earning service on British Railways? 1968
78%
Where was the main workshop of the LMS located at? Crewe
63%
In locomotive design, larger driving wheels optimize speed, and are therefore given to engines that pull ___________ Passengers
63%
This locomotive, with a 2-10-0 wheel arrangement, was one of the most powerful steam engines ever built in Britain BR Standard 9F
56%
This term, called a throttle in the United States, is the name of the lever used to control speed in a steam locomotive Regulator
52%
This yellow-and-black circular device, adopted under British Rail, was mounted in locomotives as an advanced detection AWS (Advanced Warning System)
48%
This class of locomotive (hint: a diesel) is the most produced class in British history Class 08
48%
This scheme, formed by British Railways, was used to update signals and track plans, as well as get rid of steam locomotives The Modernization Plan
48%
What piece of legislation united the various companies into the Big Four? The Railways Act of 1921
44%
This scrapyard in Wales was the resting place of countless steam engines, but it was also the place where many were rescued and preserved. Barry Island
41%
What is the type of coupling used in Britain? Screw link
41%
This term, used for road-going vehicles in the United States, is used as terminology for rolling stock Trucks
37%
This system of notation is used to designate steam locomotive wheel arrangements Whyte Notation
37%
This locomotive, which was unimpressive and left a lot to be desired, was built by the LBCSR and went on to become the basis for a very famous character Billinton E2
33%
This locomotive, which would be rebuilt into an A4 Pacific, would fail its testing and go on to be known by this quiet monacre "Hush-Hush"
26%
BONUS: What was the first ever preservation railway established in not only Britain, but the world as a whole? (Hint: narrow gauge) Talyllyn Railway
22%
What is the standard loading gauge on all mainline networks? 4 feet, 8 1/2 inches
4%
No matching quizzes found
Score Distribution
Percent of People with Each Score
Percentile by Number Answered
Your Score History
You have not taken this quiz